| 000 | 00000nam 2200000za 4500 |
| 001 | 9.607040 |
| 003 | CaOODSP |
| 005 | 20210624212928 |
| 007 | cr ||||||||||| |
| 008 | 150406s1983 onca #o f|0| 0 fre d |
| 040 | |aCaOODSP|bfre |
| 043 | |an-cn--- |
| 086 | 1 |aEn46-3/83-1F-PDF |
| 245 | 00|aTechniques de destruction des polychlorobiphényles (PCB) |h[ressource électronique]. |
| 260 | |aOttawa : |bEnvironnement Canada, |c1983. |
| 300 | |a84 p. : |bfigures |
| 490 | 1 |aRapport ; |vSPE 3-EC-83-1F |
| 500 | |aLe n° de catalogue (En46-3/83-1F) et l'ISBN (0-662-91893-2) de l'édition imprimée ont été copiés dans l'édition électronique. |
| 546 | |a(Abstract in English). |
| 590 | |a14-21-Supp|b2014-12-11 |
| 691 | 07|aGestion des déchets|2gcpds |
| 691 | 07|aProduit toxique|2gcpds |
| 710 | 1 |aCanada. |bEnvironnement Canada. |bService de la protection de l'environnement. |
| 775 | 08|tDestruction technologies for polychlorinated biphenyls (PCBs) |w(CaOODSP)9.579749 |
| 830 | #0|aSérie de rapports du Service de la protection de l'environnement ;|vSPE 3-EC-83-1F|w(CaOODSP)9.866045 |
| 856 | 40|ahttp://publications.gc.ca|qPDF|s1.06 Mo|uhttps://publications.gc.ca/collections/collection_2014/ec/En46-3-83-1-fra.pdf|ySPE 3-EC-83-1F |